00472nam a2200145Ia 4500003000900000008004100009020001800050040001600068080001700084100001900101245012200120260003400242300001400276650003600290IN-BaIIA211028s9999 xx 000 0 eng d a0-7167-3097-9 cIIA Library a524.354bMAN aMann, Alfred K 0aShadow of a starbthe neutrino story of supernova 1987AcAlfred K. Mann  aNew YorkbW. H. Freemanc1997 axi, 210p. aSupernovae, Supernovae remnants